Olivia Dean - Paroles So Easy (To Fall In Love) - Statistiques

Statistiques générales
  • Ce quiz a été pris 7 fois
  • Le résultat moyen est 256 sur 298
Statistiques - réponses
Hint Réponse % Correct
a
100%
and
100%
And
100%
Couplet 1 I
100%
do
100%
easy
100%
fall
100%
I
100%
I'm
100%
in
100%
it
100%
life
100%
love
100%
mix
100%
mm
100%
night
100%
of
100%
perfect
100%
rest
100%
Saturday
100%
so
100%
So,
100%
Refrain So
100%
the
100%
The
100%
to
100%
To
100%
we
100%
with
100%
you
100%
you,
100%
your
100%
agree
80%
Anyone
80%
be
80%
call,
80%
Refrain 'Cause
80%
come
80%
could
80%
dreams
80%
(dreams,
80%
dreams,
80%
dreams)
80%
girl
80%
give
80%
hair,
80%
heart,
80%
heart
80%
into
80%
laugh
80%
like
80%
make
80%
maybe
80%
me,
80%
me
80%
Bridge (Me,
80%
me)
80%
Me
80%
might
80%
missing
80%
my
80%
on
80%
one
80%
piece
80%
share
80%
us
80%
way
80%
we'll
80%
Well,
80%
would
80%
air,
60%
cake,
60%
Central
60%
cherry
60%
find
60%
fresh
60%
Heaven
60%
hide
60%
if
60%
It's
60%
need
60%
Park
60%
quite
60%
see
60%
some
60%
Some
60%
space,
60%
stop
60%
three
60%
top
60%
turn
60%
twist,
60%
walk
60%
you're
60%
case
40%
chemistry
40%
down
40%
extra
40%
hard,
40%
icing
40%
intimately
40%
isn't
40%
kind
40%
no
40%
people
40%
sentimental
40%
that
40%
There's
40%
Yeah
40%
world
20%
Aucun quiz correspondant
Distribution des résultats
% des personnes avec chaque résultat
Percentile par nombre de réponses
Votre historique - résultats
Vous n’avez pas pris ce quiz